Social'no-ekonomičeskije faktory povyšenija proizvoditel'nosti truda v promyšlennosti

Salvato in:
Dettagli Bibliografici
Natura: Libro
Lingua:russo
Pubblicazione: Kijev Naukova dumka 1984
Tags: Aggiungi Tag
Nessun Tag, puoi essere il primo ad aggiungerne!!

MARC

LEADER 00000nam a2200000 4500
001 c109797
005 20041019155145.0
041 0 |a rus 
044 |a UA 
245 1 0 |a Social'no-ekonomičeskije faktory povyšenija proizvoditel'nosti truda v promyšlennosti 
264 1 |a Kijev  |b Naukova dumka  |c 1984 
300 |a 286 s.